zpět

Detail výsledku týmu

Limbo, Brno

Datum a čas kvízu

34.5 Celkem bodů Celkový počet nahraných bodů na tomto kvízu bez doplňovacích otázek.
4. Pořadí na kvízu Konečné umístění týmu na tomto kvízu.

Zaznamenané odpovědi

# Otázka Odpověď Body Výsledky
1. Senát ve středu zvolil svého p... Miloš Vystrčil 1
2. Lídrem slovenské opozice se v... Obyčajní ľudia 1
3. Pták roku je kampaň České spol... jiřička (obecná) 1
4. Minulý týden vydal Krajský sou... Mladá fronta 0
5. Sparťanský trenér Václav Jílek... Václav Kotal 0
6. Na tento týden připadá období... bachyně 1
7. S tímto zvláštně vypadajícím p... (prase) bradavičnaté 1
8. Již delší dobu se experimentuj... xenotransplantace 0
9. Prase je čistotné a inteligent... A 1
10. Obliba miniprasátek jako domác... Alan Alexander Milne 1